Organické dielektrické materiály vhodné pre hradlové dielektrikum organických poľom riadených tranzistorov

Saved in:
Bibliographic Details
Main Author: Mičjan, Michal (Author)
Other Authors: Jakabovič, Ján, 1951- (Thesis advisor)
Format: Manuscript Book
Language:Slovak
Subjects:
Online Access:http://is.stuba.sk/zp/portal_zp.pl?podrobnosti=78313
Tags: Add Tag
No Tags, Be the first to tag this record!

MARC

LEADER 00000ntm a22000003a 4500
001 stuzp37001
003 SK-STU
005 20150617230330.1
007 ta
008 150427s2015----xo-----f-mn---000-0-slo-d
040 |a STU  |b slo 
041 0 |a slo 
100 1 |a Mičjan, Michal  |u 033000  |4 aut  |U FEI Fakulta elektrotechniky a informatiky  |T FEI Ústav elektroniky a fotoniky  |X 6212  |U E030  |Y 549  |7 A000006212 
242 0 1 |a Organic dielectric materials for gate dielectrics of organick field-effect transistors  |y eng 
245 1 0 |a Organické dielektrické materiály vhodné pre hradlové dielektrikum organických poľom riadených tranzistorov 
650 4 |a terpolymér P(VDF-TrFE-CFE)  |2 slo 
650 4 |a dielektrikum  |2 slo 
650 4 |a kopolymér P(VDF-TeFE)  |2 slo 
650 4 |a terpolymer P(VDF-TrFE-CFE)  |2 eng 
650 4 |a dielectrics  |2 eng 
650 4 |a copolymer P(VDF-TeFE)  |2 eng 
700 1 |a Jakabovič, Ján,  |d 1951-  |4 ths  |X 2029  |7 A000002029 
856 4 |u http://is.stuba.sk/zp/portal_zp.pl?podrobnosti=78313 
SQL |a stuzp37001  |b DBP  |c SLO  |d Organické dielektrické materiály vhodné pre hradlové dielektrikum organických poľom riadených tranzistorov  |e 6212  |f Mičjan, Michal  |g 033000  |h 2029  |i Jakabovič, Ján  |j 20140708  |k 75  |l 03  |m http://is.stuba.sk/zp/portal_zp.pl?podrobnosti=78313